Труды Кольского научного центра РАН. 2018, 1 (9), ч. 2: III Всероссийская научная конференция с международным участием, посвященная 60-летию ИХТРЭМС ФМЦ КНЦ РАН "Исследования и разработки в области химии и технологии функциональных материалов" (Запись № 11676395)

Подробности
000 -МАРКЕР
контрольное поле 02606nam2a2200337 4500
001 - ИДЕНТИФИКАТОР ЗАПИСИ
контрольное поле RU\NLR\PER_A\003157015_001050
005 - ИДЕНТИФИКАТОР ВЕРСИИ
контрольное поле 20250626124107.0
035 ## - ДРУГИЕ СИСТЕМНЫЕ НОМЕРА
Идентификатор записи (NLR Aleph) 011760947
100 ## - ДАННЫЕ ОБЩЕЙ ОБРАБОТКИ
Данные общей обработки 20180730d2018 |||y0rusy50 ca
101 0# - ЯЗЫК РЕСУРСА
Язык текста, звукозаписи и т.д. русский
Язык резюме английский
102 ## - СТРАНА ПУБЛИКАЦИИ ИЛИ ПРОИЗВОДСТВА
Страна публикации Российская Федерация
105 ## - ПОЛЕ КОДИРОВАННЫХ ДАННЫХ: ТЕКСТОВЫЕ МАТЕРИАЛЫ, МОНОГРАФИЧЕСКИЕ
Кодированные данные о монографическом текстовом документе a z 000yy
200 1# - ЗАГЛАВИЕ И СВЕДЕНИЯ ОБ ОТВЕТСТВЕННОСТИ
Основное заглавие III Всероссийская научная конференция с международным участием, посвященная 60-летию ИХТРЭМС ФМЦ КНЦ РАН "Исследования и разработки в области химии и технологии функциональных материалов"
210 ## - ПУБЛИКАЦИЯ, РАСПРОСТРАНЕНИЕ И ДР.
Дата издания, распространения и т.д. 2018
Место издания, распространения и т.д. Б. м.
215 ## - ФИЗИЧЕСКАЯ ХАРАКТЕРИСТИКА
Специфическое обозначение материала и объем 918 с.
Другие сведения о физической характеристике ил., цв. ил.
Размеры 29
225 2# - СЕРИЯ
Основное заглавие серии Труды Кольского научного центра РАН
Обозначение тома 2018, 1 (9), ч. 2
Наименование части Химия и материаловедение
Обозначение тома вып. 2 [2]
300 ## - ОБЩИЕ ПРИМЕЧАНИЯ
Текст примечания Рез. на англ. яз.
320 ## - ПРИМЕЧАНИЯ О НАЛИЧИИ В ДОКУМЕНТЕ БИБЛИОГРАФИИ / УКАЗАТЕЛЯ
Текст примечания Библиогр. в конце ст.
461 #0 - УРОВЕНЬ НАБОРА
Встроенное поле 001RU\NLR\Per\748959
-- 2001#$aТруды Кольского научного центра РАН$fРос. акад. наук$v2018, 1 (9), ч. 2
Системный номер (АБИС) связанной записи 3064484
Автор Российская академия наук. Кольский научный центр
Место публикации Апатиты
Дата публикации 2010 - 2022
Первые сведения об ответственности Рос. акад. наук
Имя издателя, распространителя и т.д. Кольский научный центр РАН
Заглавие Труды Кольского научного центра РАН
ISSN 2307-5252
Номер тома 2018, 1 (9), ч. 2
462 #0 - УРОВЕНЬ ПОДНАБОРА
Встроенное поле 001RU\NLR\Per\1232833
-- 2001#$aХимия и материаловедение$dChemistry and materials$vВып. 2 [2]
Системный номер (АБИС) связанной записи 11632760
Место публикации Апатиты
Дата публикации 2015 -
Параллельное заглавие Chemistry and materials
Имя издателя, распространителя и т.д. РИО КНЦ
Заглавие Труды Кольского научного центра РАН. - Химия и материаловедение
Номер тома Вып. 2 [2]
606 1# - НАИМЕНОВАНИЕ ТЕМЫ КАК ПРЕДМЕТ
Наименование темы Материалы
Формальный подзаголовок Съезды, совещания и т.п
Тематический подзаголовок Химические свойства
Системный номер авторитетной/нормативной записи 2612975
Идентификатор авторитетной/нормативной записи RU\NLR\AUTH\661549533
606 1# - НАИМЕНОВАНИЕ ТЕМЫ КАК ПРЕДМЕТ
Наименование темы Материалы
Формальный подзаголовок Съезды, совещания и т.п
Тематический подзаголовок Технология
Системный номер авторитетной/нормативной записи 1516749
Идентификатор авторитетной/нормативной записи RU\NLR\AUTH\66658918
686 1# - ИНДЕКСЫ ДРУГИХ КЛАССИФИКАЦИЙ
Индекс Ж306.4я431(2)
686 1# - ИНДЕКСЫ ДРУГИХ КЛАССИФИКАЦИЙ
Индекс Ж6я431(2)
710 12 - НАИМЕНОВАНИЕ ОРГАНИЗАЦИИ - ПЕРВИЧНАЯ ОТВЕТСТВЕННОСТЬ
Начальный элемент ввода "Исследования и разработки в области химии и технологии функциональных материалов", всероссийская научная конференция с международным участием
Порядковый номер временной организации и / или порядковый номер ее части 3
Место проведения временной организации Апатиты
Дата проведения временной организации 2018
Системный номер авторитетной/нормативной записи 618397
Идентификатор авторитетной/нормативной записи RU\NLR\AUTH\880478790
852 ## - МЕСТОНАХОЖДЕНИЕ И ШИФР ХРАНЕНИЯ
Идентификатор организации NLR
Шифр хранения (Call Number) П2/995
942 ## - ДОПОЛНИТЕЛЬНЫЕ ЭЛЕМЕНТЫ ЗАПИСИ (АБИС)
Тип экземпляра АБИС Выпуск
980 ## - КОЛЛЕКЦИЯ
Название коллекции Национальная библиография
980 ## - КОЛЛЕКЦИЯ
Название коллекции Русская периодика

Нет доступных экземпляров.